Karachi in turmoil / (Record no. 16156)
[ view plain ]
| 000 -LEADER | |
|---|---|
| fixed length control field | 01040cam a2200301 i 4500 |
| 001 - CONTROL NUMBER | |
| control field | 17642239 |
| 005 - DATE AND TIME OF LATEST TRANSACTION | |
| control field | 20170105102934.0 |
| 008 - FIXED-LENGTH DATA ELEMENTS--GENERAL INFORMATION | |
| fixed length control field | 130301s2013 pk b 000 0 eng |
| 010 ## - LIBRARY OF CONGRESS CONTROL NUMBER | |
| LC control number | 2013344257 |
| 020 ## - INTERNATIONAL STANDARD BOOK NUMBER | |
| International Standard Book Number | 9789699645181 |
| 025 ## - OVERSEAS ACQUISITION NUMBER | |
| Overseas acquisition number | P-E-2013344257; 28 |
| 037 ## - SOURCE OF ACQUISITION | |
| Source of stock number/acquisition | Library of Congress -- Islamabad Overseas Office |
| Terms of availability | Rs 500 |
| 040 ## - CATALOGING SOURCE | |
| Original cataloging agency | DLC |
| Language of cataloging | eng |
| Transcribing agency | DLC |
| Description conventions | rda |
| 042 ## - AUTHENTICATION CODE | |
| Authentication code | lcode |
| -- | pcc |
| 043 ## - GEOGRAPHIC AREA CODE | |
| Geographic area code | a-pk--- |
| 050 00 - LIBRARY OF CONGRESS CALL NUMBER | |
| Classification number | DS392.2.K3 |
| Item number | Z53 2013 |
| 082 ## - DEWEY DECIMAL CLASSIFICATION NUMBER | |
| Classification number | 954.9183 |
| Author Mark | ZIA 2013 |
| 100 0# - MAIN ENTRY--PERSONAL NAME | |
| Personal name | Zia Ur Rehman |
| Titles and words associated with a name | (Journalist) |
| 245 10 - TITLE STATEMENT | |
| Title | Karachi in turmoil / |
| Statement of responsibility, etc. | Zia Ur Rehman. |
| 300 ## - PHYSICAL DESCRIPTION | |
| Extent | 101 pages ; |
| Dimensions | 23 cm |
| 504 ## - BIBLIOGRAPHY, ETC. NOTE | |
| Bibliography, etc. note | Includes bibliographical references (pages 93-101). |
| 650 #0 - SUBJECT ADDED ENTRY--TOPICAL TERM | |
| Topical term or geographic name entry element | Political violence |
| Geographic subdivision | Pakistan |
| -- | Karachi. |
| 650 #0 - SUBJECT ADDED ENTRY--TOPICAL TERM | |
| Topical term or geographic name entry element | Ethnicity |
| General subdivision | Political aspects |
| Geographic subdivision | Pakistan |
| -- | Karachi. |
| 651 #0 - SUBJECT ADDED ENTRY--GEOGRAPHIC NAME | |
| Geographic name | Karachi (Pakistan) |
| General subdivision | Politics and government. |
| 906 ## - LOCAL DATA ELEMENT F, LDF (RLIN) | |
| a | 7 |
| b | cbc |
| c | origode |
| d | 3 |
| e | ncip |
| f | 20 |
| g | y-gencatlg |
| 942 ## - ADDED ENTRY ELEMENTS (KOHA) | |
| Source of classification or shelving scheme | |
| Koha item type | Book |
| Withdrawn status | Lost status | Damaged status | Not for loan | Collection code | Permanent Location | Current Location | Shelving location | Date acquired | Total Checkouts | Full call number | Barcode | Date last seen | Price effective from | Koha item type |
|---|---|---|---|---|---|---|---|---|---|---|---|---|---|---|
| Centre for International Peace & Stability (CIPS) | Centre for International Peace & Stability (CIPS) | General Stacks | 05/29/2015 | 954.9183 ZIA 2013 | CIPS0002604 | 06/04/2015 | 06/04/2015 | Book |
